000 00863nam a22002417a 4500
005 20251021131802.0
008 130702t mx |||| |||| 00| 0 spa d
020 _a9687022183
050 0 4 _aRK351
_bP74 1996
100 1 _aPreciado Zacarias, V.
_qPreciado Zacarias, Vicente
245 1 0 _aManual de endodoncia
_b : guía clínica
_c / V. Preciado Zacarias ; colaboradores Fernando Goldberg,...[et al.]
250 _a5a ed.
260 _aMéxico :
_bEdiciones Cuellar,
_c1996.
300 _a260 p. :
_bil. ;
_c22 cm.
504 _aIncluye bibliografía.
650 7 _2lemb
_aPulpa dental
_xEnfermedades
_vManuales
700 1 _aGoldberg, Fernando,
_ecolaborador
700 1 _aLasala, Ángel,
_ecolaborador
700 1 _aPineda, Franklin,
_ecolaborador
700 1 _aHolland, Roberto,
_ecolaborador
700 1 _aSouza, Valdir de,
_ecolaborador
942 _2lcc
_cLIB
999 _c38838
_d38838